00289nam a2200121Ia 4500008004100000100002500041245001500066260003200081300000800113650002200121942000700143999001700150190216s9999||||xx |||||||||||||| ||und|| aUnnikrishnan Puthoor 0aMrugayanam bPoorna Pubs Kozhikodec1994 a92p aMalayalam Nadakam cBK c27217d27217